[Event "Oberliga Ost-B 1415"]
[Site "Germany"]
[Date "2015.02.21"]
[Round "9.6"]
[White "Du Maire, Jerome"]
[Black "Starke, Dieter"]
[Result "1-0"]
[WhiteElo "2119"]
[BlackElo "2211"]
[PlyCount "87"]
[EventDate "2014.09.21"]
[EventType "team-tourn"]
[EventRounds "11"]
[EventCountry "GER"]
[SourceTitle "EXT 2016"]
[Source "ChessBase"]
[SourceDate "2015.10.08"]
[SourceVersion "1"]
[SourceVersionDate "2015.10.08"]
[SourceQuality "1"]
[WhiteTeam "Frankfurt BvK"]
[BlackTeam "Marburg"]
[WhiteTeamCountry "GER"]
[BlackTeamCountry "GER"]

1. d4 e6 2. c4 f5 3. g3 Nf6 4. Bg2 c6 5. Nf3 d5 6. 0-0 Bd6 7. Nc3 0-0 8. Qc2 Ne4 9. Rb1 Nd7 10. b4 Ndf6 11. c5 Bc7 12. Bf4 Bxf4 13. gxf4 Nh5 14. e3 Bd7 15. a4 a6 16. Rb3 Be8 17. Rfb1 h6 18. Ne5 g5 19. Nxe4 fxe4 20. fxg5 Qxg5 21. Rf1 Rc8 22. f3 exf3 23. Rxf3 Rxf3 24. Nxf3 Qg6 25. Qxg6+ Bxg6 26. Ne5 Bc2 27. Ra3 Ng7 28. Ra2 Bb3 29. Ra3 Bc2 30. Ra2 Bb3 31. Ra3 Bc2 32. Bh3 Rf8 33. Ra2 Be4 34. b5 cxb5 35. axb5 axb5 36. Ra7 Nf5 37. Bxf5 exf5 38. Rxb7 f4 39. exf4 Rxf4 40. c6 Bf5 41. Rf7 Rxd4 42. Rxf5 Rd1+ 43. Rf1 Rd2 44. Rc1 1-0

[Event "Hessenliga 1314"]
[Site "Germany"]
[Date "2013.12.08"]
[Round "4.7"]
[White "Muth, Matthias Potisarath"]
[Black "Starke, Dieter"]
[Result "0-1"]
[WhiteElo "2040"]
[BlackElo "2211"]
[PlyCount "72"]
[EventDate "2013.09.29"]
[EventType "team-tourn"]
[EventRounds "9"]
[EventCountry "GER"]
[SourceTitle "EXT 2015"]
[Source "ChessBase"]
[SourceDate "2014.11.20"]
[SourceVersion "1"]
[SourceVersionDate "2014.11.20"]
[SourceQuality "1"]
[WhiteTeam "Gelnhausen"]
[BlackTeam "Marburg"]
[WhiteTeamCountry "GER"]
[BlackTeamCountry "GER"]

1. c4 e6 2. d4 d5 3. Nc3 Nf6 4. Nf3 c6 5. e3 Nbd7 6. Bd3 dxc4 7. Bxc4 b5 8. Bd3 Bb7 9. 0-0 a6 10. e4 c5 11. Bg5 h6 12. Bxf6 Qxf6 13. d5 Bd6 14. Qe2 0-0 15. Rfe1 Ne5 16. Nxe5 Qxe5 17. g3 b4 18. dxe6 bxc3 19. exf7+ Rxf7 20. Bc4 Raf8 21. bxc3 Kh8 22. Bxf7 Rxf7 23. Qd3 Qe6 24. Rad1 Bc7 25. Rd2 c4 26. Qc2 Bb6 27. Qb1 Qc6 28. Qd1 Qf6 29. Qc2 Qf3 30. Rd4 Bxd4 31. cxd4 Qd3 32. Qa4 Re7 33. Qb4 Rxe4 34. Rb1 Re7 35. d5 Qxd5 36. f3 Qxf3 0-1

[Event "Oberliga Ost-B 1213"]
[Site "Germany"]
[Date "2012.09.30"]
[Round "1.8"]
[White "Starke, Dieter"]
[Black "Buckan, Jens"]
[Result "1/2-1/2"]
[WhiteElo "2229"]
[BlackElo "2097"]
[PlyCount "61"]
[EventDate "2012.09.30"]
[EventType "team-tourn"]
[EventRounds "11"]
[EventCountry "GER"]
[SourceTitle "EXT 2014"]
[Source "ChessBase"]
[SourceDate "2013.11.20"]
[SourceVersion "1"]
[SourceVersionDate "2013.11.20"]
[SourceQuality "1"]
[WhiteTeam "Marburg"]
[BlackTeam "Erfurt Empor"]
[WhiteTeamCountry "GER"]
[BlackTeamCountry "GER"]

1. d4 Nf6 2. e3 c5 3. c3 cxd4 4. exd4 d5 5. Nf3 Nc6 6. Be2 Bg4 7. 0-0 e6 8. Bg5 Be7 9. Nbd2 0-0 10. Re1 Rb8 11. h3 Bh5 12. Bf4 Rc8 13. Rc1 Qb6 14. Qb3 Nd7 15. Qxb6 Nxb6 16. Ne5 Bxe2 17. Nxc6 bxc6 18. Rxe2 c5 19. dxc5 Rxc5 20. Be3 Ra5 21. Bxb6 axb6 22. a3 Rc8 23. Rce1 Bf6 24. Nf3 Ra4 25. Rd1 Kf8 26. Kf1 Rd8 27. Ke1 Ke7 28. Rd3 Kd6 29. Red2 Kc6 30. Re2 Re8 31. Ne5+ 1/2-1/2

[Event "Hessenliga 1112"]
[Site "Germany"]
[Date "2012.03.04"]
[Round "7.6"]
[White "Hanemann, Ingo"]
[Black "Starke, Dieter"]
[Result "1-0"]
[WhiteElo "2188"]
[BlackElo "2229"]
[PlyCount "43"]
[EventDate "2011.09.25"]
[EventType "team-tourn"]
[EventRounds "9"]
[EventCountry "GER"]
[SourceTitle "EXT 2013"]
[Source "ChessBase"]
[SourceDate "2012.11.22"]
[SourceVersion "1"]
[SourceVersionDate "2012.11.22"]
[SourceQuality "1"]
[WhiteTeam "Bad Homburg"]
[BlackTeam "Marburg"]
[WhiteTeamCountry "GER"]
[BlackTeamCountry "GER"]

1. e4 e6 2. d4 d5 3. Nc3 Bb4 4. e5 Ne7 5. Bd2 c5 6. Nb5 Bxd2+ 7. Qxd2 cxd4 8. Nd6+ Kf8 9. f4 Nec6 10. Nf3 Nd7 11. Bd3 h6 12. 0-0 Nc5 13. g4 Nxd3 14. cxd3 g6 15. Kh1 Kg7 16. Rae1 Rf8 17. f5 exf5 18. gxf5 Bxf5 19. Nxf5+ gxf5 20. Qf4 Ne7 21. Nxd4 Rc8 22. Rg1+ 1-0

[Event "Hessenliga 1112"]
[Site "Germany"]
[Date "2011.12.04"]
[Round "4.7"]
[White "Goll, Christof"]
[Black "Starke, Dieter"]
[Result "0-1"]
[WhiteElo "2114"]
[BlackElo "2229"]
[PlyCount "82"]
[EventDate "2011.09.25"]
[EventType "team-tourn"]
[EventRounds "9"]
[EventCountry "GER"]
[SourceTitle "EXT 2013"]
[Source "ChessBase"]
[SourceDate "2012.11.22"]
[SourceVersion "1"]
[SourceVersionDate "2012.11.22"]
[SourceQuality "1"]
[WhiteTeam "Nied"]
[BlackTeam "Marburg"]
[WhiteTeamCountry "GER"]
[BlackTeamCountry "GER"]

1. d4 d5 2. Nf3 Nf6 3. c4 c6 4. e3 e6 5. Nc3 Nbd7 6. Bd3 dxc4 7. Bxc4 b5 8. Bd3 Bb7 9. 0-0 a6 10. e4 c5 11. e5 cxd4 12. Nxb5 axb5 13. exf6 gxf6 14. Qe2 Bd6 15. Be4 Qb6 16. Nxd4 Bxe4 17. Qxe4 Ra4 18. Be3 Bc5 19. Rfd1 e5 20. b3 Rxd4 21. Bxd4 Bxd4 22. Rac1 Ke7 23. Rc2 Rd8 24. b4 Nf8 25. Rdc1 Ne6 26. h4 h5 27. Qf5 Qd6 28. Rc6 Qd5 29. Kh2 Qxa2 30. Rc7+ Rd7 31. Rxd7+ Kxd7 32. Qe4 Qxf2 33. Qb7+ Ke8 34. Rc8+ Nd8 35. Qc6+ Ke7 36. Qc7+ Ke6 37. Kh3 Qf5+ 38. Kh2 Qf4+ 39. g3 Qf2+ 40. Kh3 Qf1+ 41. Kh2 Bg1+ 0-1

[Event "Hessenliga 1011"]
[Site "Germany"]
[Date "2010.11.28"]
[Round "3.6"]
[White "Reinhardt, Ralph"]
[Black "Starke, Dieter"]
[Result "0-1"]
[WhiteElo "2070"]
[BlackElo "2229"]
[PlyCount "66"]
[EventDate "2010.09.26"]
[EventType "team-tourn"]
[EventRounds "9"]
[EventCountry "GER"]
[SourceTitle "EXT 2012"]
[Source "ChessBase"]
[SourceDate "2011.11.24"]
[SourceVersion "1"]
[SourceVersionDate "2011.11.24"]
[SourceQuality "1"]
[WhiteTeam "Lorsch"]
[BlackTeam "Marburg"]
[WhiteTeamCountry "GER"]
[BlackTeamCountry "GER"]

1. d4 d5 2. Nf3 Nf6 3. c4 c6 4. Nc3 e6 5. e3 Nbd7 6. Bd3 dxc4 7. Bxc4 b5 8. Bd3 a6 9. e4 c5 10. d5 c4 11. dxe6 fxe6 12. Bc2 Qc7 13. 0-0 Bd6 14. Nd4 Nc5 15. f4 Nd3 16. Bxd3 cxd3 17. Qxd3 Bc5 18. Kh1 0-0 19. Nb3 Ba7 20. Qe2 b4 21. e5 bxc3 22. exf6 Rxf6 23. f5 Bb7 24. Bg5 cxb2 25. Bxf6 bxa1Q 26. Bxa1 exf5 27. Rxf5 Rd8 28. Qe6+ Kh8 29. Rf1 Bb8 30. Qh3 Qf7 31. Re1 Rf8 32. Nd2 Qf2 33. Qe3 Qxg2# 0-1

[Event "Hessenliga 0910"]
[Site "Germany"]
[Date "2009.11.01"]
[Round "3.4"]
[White "Emmerich, Dirk"]
[Black "Starke, Dieter"]
[Result "1-0"]
[WhiteElo "2222"]
[BlackElo "2229"]
[PlyCount "133"]
[EventDate "2009.09.20"]
[EventType "team-tourn"]
[EventRounds "9"]
[EventCountry "GER"]
[SourceTitle "EXT 2011"]
[Source "ChessBase"]
[SourceDate "2010.11.26"]
[SourceVersion "1"]
[SourceVersionDate "2010.11.26"]
[SourceQuality "1"]
[WhiteTeam "Dotzheim"]
[BlackTeam "Marburg"]
[WhiteTeamCountry "GER"]
[BlackTeamCountry "GER"]

1. e4 e6 2. Qe2 b6 3. Nc3 c5 4. g3 Bb7 5. Bg2 Nc6 6. Nf3 d6 7. 0-0 a6 8. d3 Qc7 9. Bf4 Nge7 10. a3 Ng6 11. Be3 Be7 12. Nd2 Nd4 13. Qd1 Rc8 14. f4 0-0 15. Na2 Rfd8 16. c3 Nc6 17. Bf2 Bf6 18. Qe2 b5 19. h4 Re8 20. h5 Nf8 21. g4 g6 22. Be3 Bg7 23. Qf2 Qd7 24. Rae1 Ne7 25. Nc1 d5 26. Bxc5 d4 27. b4 dxc3 28. Ndb3 Nc6 29. d4 e5 30. fxe5 Nd8 31. Qg3 Qe6 32. Re3 Nd7 33. Qf3 f6 34. exf6 Nxf6 35. hxg6 hxg6 36. Qf4 Qxg4 37. Qxg4 Nxg4 38. Rg3 Nf6 39. e5 Bxg2 40. Rxg2 Nd5 41. Rxg6 Ne6 42. Ne2 Kh7 43. Rg3 c2 44. Na1 Nxc5 45. bxc5 Bxe5 46. Rh3+ Kg6 47. Nxc2 Bb8 48. Rf2 Rg8 49. Rhf3 Kh5+ 50. Kf1 Rce8 51. Ke1 Bg3 52. Nb4 Bxf2+ 53. Kxf2 Nxb4 54. axb4 Rg4 55. c6 Rc8 56. Rc3 a5 57. bxa5 b4 58. Rc5+ Kg6 59. d5 b3 60. Rb5 Ra4 61. Nc3 Ra3 62. Ke3 b2 63. Kd4 Kf6 64. Ne4+ Ke7 65. Rb7+ Kd8 66. Rxb2 Rxa5 67. Nd6 1-0

[Event "Hessenliga 0203"]
[Site "Germany"]
[Date "2003.04.06"]
[Round "9.2"]
[White "Kloninger, Paul"]
[Black "Starke, Dieter"]
[Result "1/2-1/2"]
[WhiteElo "2241"]
[BlackElo "2247"]
[PlyCount "91"]
[EventDate "2002.10.??"]
[EventType "team"]
[EventRounds "9"]
[EventCountry "GER"]
[SourceTitle "EXT 2004"]
[Source "ChessBase"]
[SourceDate "2003.11.25"]
[SourceVersion "1"]
[SourceVersionDate "2003.11.25"]
[SourceQuality "1"]
[WhiteTeam "Fulda"]
[BlackTeam "Marburg"]
[WhiteTeamCountry "GER"]
[BlackTeamCountry "GER"]

1. d4 e6 2. Nf3 d5 3. e3 Nf6 4. Bd3 c5 5. b3 cxd4 6. exd4 Nc6 7. 0-0 Be7 8. a3 b6 9. Re1 Bb7 10. Bb2 Rc8 11. Nbd2 0-0 12. Qe2 Qc7 13. g3 Rfd8 14. Qf1 Bf8 15. Rad1 g6 16. Qh3 Bg7 17. Ng5 h6 18. Ngf3 Re8 19. Re2 Rcd8 20. Rde1 Qc8 21. b4 a6 22. Ne5 Nxe5 23. dxe5 Ne4 24. Bd4 Qc7 25. f3 Nc3 26. Re3 Nb5 27. Bxb5 axb5 28. Rc3 Qb8 29. f4 Rc8 30. Rxc8 Rxc8 31. c3 Qa7 32. Nb1 Qa4 33. Qg2 Ba8 34. Qb2 h5 35. h4 Bb7 36. Bxb6 d4 37. Bxd4 Ra8 38. Nd2 Bf8 39. Ne4 Qxa3 40. Qxa3 Rxa3 41. Kf2 Be7 42. Nd2 Bd5 43. Rb1 Kf8 44. Ke3 Ke8 45. Kd3 Kd7 46. Ne4 1/2-1/2

[Event "Hessenliga 0203"]
[Site "Germany"]
[Date "2003.03.16"]
[Round "8.2"]
[White "Starke, Dieter"]
[Black "Fischer, Roger"]
[Result "1/2-1/2"]
[WhiteElo "2247"]
[BlackElo "2163"]
[PlyCount "31"]
[EventDate "2002.10.??"]
[EventType "team"]
[EventRounds "9"]
[EventCountry "GER"]
[SourceTitle "EXT 2004"]
[Source "ChessBase"]
[SourceDate "2003.11.25"]
[SourceVersion "1"]
[SourceVersionDate "2003.11.25"]
[SourceQuality "1"]
[WhiteTeam "Marburg"]
[BlackTeam "Eppstein"]
[WhiteTeamCountry "GER"]
[BlackTeamCountry "GER"]

1. d4 d6 2. Nf3 g6 3. c4 Bg7 4. Nc3 e5 5. d5 Nf6 6. e4 0-0 7. Be2 a5 8. 0-0 Na6 9. Ne1 Nc5 10. Bf3 Nfd7 11. Qc2 f5 12. Be3 b6 13. Nd3 Nf6 14. Bxc5 bxc5 15. Qe2 fxe4 16. Nxe4 1/2-1/2

[Event "Hessenliga 0203"]
[Site "Germany"]
[Date "2002.11.10"]
[Round "3.1"]
[White "Legde, Georg"]
[Black "Starke, Dieter"]
[Result "1-0"]
[WhiteElo "2314"]
[BlackElo "2247"]
[PlyCount "65"]
[EventDate "2002.10.??"]
[EventType "team"]
[EventRounds "9"]
[EventCountry "GER"]
[SourceTitle "EXT 2004"]
[Source "ChessBase"]
[SourceDate "2003.11.25"]
[SourceVersion "1"]
[SourceVersionDate "2003.11.25"]
[SourceQuality "1"]
[WhiteTeam "Giessen"]
[BlackTeam "Marburg"]
[WhiteTeamCountry "GER"]
[BlackTeamCountry "GER"]

1. d4 d5 2. c4 c6 3. Nf3 Nf6 4. Nc3 e6 5. Bg5 dxc4 6. e4 b5 7. a4 Bb4 8. e5 h6 9. exf6 hxg5 10. fxg7 Rg8 11. g3 Bb7 12. Bg2 Nd7 13. h4 gxh4 14. Rxh4 Qf6 15. Kf1 Bxc3 16. bxc3 a6 17. Nd2 0-0-0 18. axb5 axb5 19. Ra7 Rxg7 20. Rh5 Qe7 21. Rxb7 Kxb7 22. Rxb5+ Kc8 23. Bxc6 Nb8 24. Bf3 Rg5 25. Rb4 Rd7 26. Qb1 Qd6 27. Nxc4 Qc7 28. Nb6+ Kd8 29. Rc4 Qa7 30. Rc8+ Ke7 31. Qb4+ Kf6 32. Rxb8 Rc7 33. Ra8 1-0

[Event "Hessenliga 0001"]
[Site "Hessen"]
[Date "2001.03.04"]
[Round "7.1"]
[White "Rasch, Holger"]
[Black "Starke, Dieter"]
[Result "1/2-1/2"]
[WhiteElo "2268"]
[BlackElo "2211"]
[PlyCount "72"]
[EventDate "2000.10.??"]
[EventType "team"]
[EventRounds "9"]
[EventCountry "GER"]
[SourceTitle "EXT 2002"]
[Source "ChessBase"]
[SourceDate "2001.11.25"]
[SourceVersion "1"]
[SourceVersionDate "2001.11.25"]
[SourceQuality "1"]

1. e4 e6 2. d4 d5 3. e5 c5 4. c3 Nc6 5. Be3 Bd7 6. Qd2 Qb6 7. dxc5 Bxc5 8. Bxc5 Qxc5 9. Qg5 Nge7 10. Nf3 h6 11. Qxg7 0-0-0 12. Nbd2 Nf5 13. Qg4 Qb6 14. Nb3 Qc7 15. 0-0-0 Nxe5 16. Nxe5 Qxe5 17. Qe2 Qc7 18. Kb1 Kb8 19. g3 Ba4 20. Bh3 Nd6 21. Rd4 Bb5 22. Qe5 Ne4 23. Qxc7+ Kxc7 24. Bf1 Bc6 25. f4 f6 26. Rg1 e5 27. fxe5 fxe5 28. Rd1 Rhf8 29. Bg2 Rf2 30. Rdf1 Rdf8 31. Rxf2 Rxf2 32. Kc1 b6 33. Bxe4 dxe4 34. h4 e3 35. Re1 e2 36. Kd2 Bb5 1/2-1/2

[Event "Hessenliga 0001"]
[Site "Hessen"]
[Date "2000.10.22"]
[Round "2.3"]
[White "Starke, Dieter"]
[Black "Wilhelm, Jochen"]
[Result "1-0"]
[WhiteElo "2211"]
[BlackElo "2229"]
[PlyCount "71"]
[EventDate "2000.10.??"]
[EventType "team"]
[EventRounds "9"]
[EventCountry "GER"]
[SourceTitle "EXT 2002"]
[Source "ChessBase"]
[SourceDate "2001.11.25"]
[SourceVersion "1"]
[SourceVersionDate "2001.11.25"]
[SourceQuality "1"]

1. d4 Nf6 2. c4 e6 3. Nf3 b6 4. a3 Ba6 5. Qc2 Bb7 6. Nc3 c5 7. e4 cxd4 8. Nxd4 d6 9. Be2 Be7 10. 0-0 a6 11. Be3 0-0 12. Rad1 Qc7 13. f4 Nbd7 14. f5 e5 15. Nb3 Rac8 16. Nd2 Qb8 17. Qb1 Rfe8 18. g4 h6 19. h4 Nh7 20. Nf3 Nc5 21. g5 hxg5 22. hxg5 Qa8 23. Nd5 Bd8 24. b4 Nd7 25. Kf2 Bc6 26. Rh1 Qb7 27. Rxh7 Kxh7 28. Rh1+ Kg8 29. Qg1 Bxd5 30. Qh2 Kf8 31. exd5 b5 32. Qh8+ Ke7 33. Qxg7 Rf8 34. Rh6 Bc7 35. g6 bxc4 36. Bg5+ 1-0

[Event "Hessenliga 9900"]
[Site "Hessen"]
[Date "2000.05.14"]
[Round "11.3"]
[White "Starke, Dieter"]
[Black "Peter, Sebastien"]
[Result "1-0"]
[WhiteElo "2211"]
[BlackElo "2234"]
[PlyCount "71"]
[EventDate "1999.09.26"]
[EventType "team"]
[EventRounds "11"]
[EventCountry "GER"]
[SourceTitle "EXT 2002"]
[Source "ChessBase"]
[SourceDate "2001.11.25"]
[SourceVersion "1"]
[SourceVersionDate "2001.11.25"]
[SourceQuality "1"]

1. d4 e6 2. c4 Nf6 3. Nf3 b6 4. a3 Ba6 5. Qc2 Bb7 6. Nc3 c5 7. e4 cxd4 8. Nxd4 Nc6 9. Nxc6 dxc6 10. Bf4 Nh5 11. Rd1 Qf6 12. Be3 e5 13. Qa4 Bd6 14. g3 0-0 15. Be2 g6 16. h4 Qe7 17. Rd2 Rfd8 18. Qd1 Nf4 19. Bf3 Bc7 20. gxf4 exf4 21. Rxd8+ Rxd8 22. Bd2 Qc5 23. Qe2 Ba6 24. b4 Qd4 25. b5 cxb5 26. cxb5 Bb7 27. Nd5 Bxd5 28. exd5 Qa1+ 29. Qd1 Re8+ 30. Kf1 Qxa3 31. Kg2 Qd3 32. Qc1 Be5 33. Qc6 Rd8 34. Re1 Qf5 35. Rxe5 Qxe5 36. Bc3 1-0

[Event "Hessenliga 9900"]
[Site "Hessen"]
[Date "2000.04.30"]
[Round "10.3"]
[White "Brauer, Volker"]
[Black "Starke, Dieter"]
[Result "1-0"]
[WhiteElo "2154"]
[BlackElo "2211"]
[PlyCount "90"]
[EventDate "1999.09.26"]
[EventType "team"]
[EventRounds "11"]
[EventCountry "GER"]
[SourceTitle "EXT 2002"]
[Source "ChessBase"]
[SourceDate "2001.11.25"]
[SourceVersion "1"]
[SourceVersionDate "2001.11.25"]
[SourceQuality "1"]

1. e4 e6 2. d4 d5 3. Nc3 Nf6 4. Bg5 Bb4 5. e5 h6 6. Bd2 Bxc3 7. bxc3 Ne4 8. Qg4 g6 9. Bd3 Nxd2 10. Kxd2 c5 11. h4 Qe7 12. Nh3 Bd7 13. Rab1 c4 14. Be2 b5 15. h5 g5 16. f4 gxf4 17. Qxf4 a5 18. g4 Na6 19. g5 0-0-0 20. gxh6 Qa3 21. Ng5 b4 22. Qe3 Ba4 23. Rhc1 Rdg8 24. Nxf7 Rh7 25. Nd6+ Kd7 26. cxb4 Qxe3+ 27. Kxe3 axb4 28. c3 Rg3+ 29. Bf3 Rxh6 30. Kf4 Rg8 31. cxb4 Nc7 32. b5 Rf8+ 33. Ke3 Rxf3+ 34. Kxf3 Rxh5 35. Rb4 Rh3+ 36. Kg4 Ra3 37. b6 Na6 38. b7 Nb8 39. Rb2 Rd3 40. Rh2 Rxd4+ 41. Kg5 Bd1 42. Rh7+ Kc6 43. Rh8 Rg4+ 44. Kf6 Nd7+ 45. Kxe6 Rg6+ 1-0

[Event "Hessenliga 9900"]
[Site "Hessen"]
[Date "2000.02.13"]
[Round "6.3"]
[White "Starke, Dieter"]
[Black "Nothnagel, Holger"]
[Result "1-0"]
[WhiteElo "2211"]
[BlackElo "2314"]
[PlyCount "109"]
[EventDate "1999.09.26"]
[EventType "team"]
[EventRounds "11"]
[EventCountry "GER"]
[SourceTitle "EXT 2002"]
[Source "ChessBase"]
[SourceDate "2001.11.25"]
[SourceVersion "1"]
[SourceVersionDate "2001.11.25"]
[SourceQuality "1"]

1. d4 c5 2. d5 Nf6 3. c4 b5 4. cxb5 a6 5. b6 d6 6. Nc3 Nbd7 7. e4 g6 8. a4 Qxb6 9. a5 Qb4 10. Ra4 Qb7 11. f4 Bg7 12. Nf3 0-0 13. Bc4 Ne8 14. 0-0 Nc7 15. Re1 Nf6 16. e5 Nfe8 17. Ra1 Qb4 18. Ra4 Qb7 19. Ra1 Bd7 20. Na4 Bb5 21. Qb3 Rd8 22. Rd1 Rb8 23. Nb6 Bxc4 24. Qxc4 Na8 25. Rd3 Nxb6 26. axb6 Qxb6 27. Rxa6 Qd8 28. Ra7 Rb4 29. Qa6 Nc7 30. Qa5 Nb5 31. Qxd8 Rxd8 32. Rxe7 c4 33. Rd1 c3 34. bxc3 Nxc3 35. Bd2 Nxd1 36. Bxb4 dxe5 37. Rb7 e4 38. Ne5 Bxe5 39. fxe5 Ne3 40. d6 Nc4 41. Re7 Kg7 42. Kf2 Kh6 43. Ke2 f6 44. e6 Nxd6 45. Rd7 Rxd7 46. exd7 Nf7 47. Be7 f5 48. Ke3 g5 49. Kd4 Kh5 50. d8Q Nxd8 51. Bxd8 Kg4 52. Ba5 Kf4 53. Bd2+ Kg4 54. Ke5 h6 55. Be1 1-0

[Event "Bad Zwesten op 3rd"]
[Site "Bad Zwesten"]
[Date "1999.01.06"]
[Round "8"]
[White "Starke, Dieter"]
[Black "Gruettner, Ralf"]
[Result "1/2-1/2"]
[WhiteElo "2255"]
[BlackElo "2090"]
[PlyCount "43"]
[EventDate "1999.01.??"]
[EventType "swiss"]
[EventRounds "9"]
[EventCountry "GER"]
[SourceTitle "CBM 068 Extra"]
[Source "ChessBase"]
[SourceDate "1999.03.01"]
[SourceVersion "1"]
[SourceVersionDate "1999.03.01"]
[SourceQuality "1"]

1. d4 Nf6 2. c4 g6 3. Nc3 Bg7 4. e4 d6 5. f3 0-0 6. Bg5 c5 7. d5 e6 8. Qd2 exd5 9. cxd5 a6 10. a4 Nbd7 11. Nh3 Qa5 12. Ra3 Ne5 13. Nf2 Bd7 14. Be2 Qc7 15. Bxf6 Bxf6 16. f4 b5 17. fxe5 Bxe5 18. axb5 axb5 19. Rxa8 Rxa8 20. 0-0 c4 21. Rc1 Qc5 22. Ncd1 1/2-1/2

[Event "Oberliga Ost-B 9899"]
[Site "Germany"]
[Date "1998.??.??"]
[Round "?"]
[White "Starke, Dieter"]
[Black "Holfelder, Hans Joachim"]
[Result "0-1"]
[WhiteElo "2255"]
[BlackElo "2205"]
[PlyCount "104"]
[EventDate "1998.10.??"]
[EventType "team"]
[EventRounds "11"]
[EventCountry "GER"]
[SourceTitle "EXT 2000"]
[Source "ChessBase"]
[SourceDate "1999.11.16"]
[SourceVersion "1"]
[SourceVersionDate "1999.11.16"]
[SourceQuality "1"]

1. d4 Nf6 2. Nf3 e6 3. c4 d5 4. Nc3 c6 5. Bg5 Nbd7 6. e3 Qa5 7. Nd2 dxc4 8. Bxf6 Nxf6 9. Nxc4 Qc7 10. Be2 Nd5 11. 0-0 Nxc3 12. bxc3 Be7 13. Bd3 0-0 14. Ne5 Bd6 15. f4 f5 16. Qb3 Kh8 17. Rf3 g6 18. Rh3 Kg7 19. Rf1 Qe7 20. Qb1 Rb8 21. Rff3 c5 22. Rfg3 Bxe5 23. fxe5 Rf7 24. Qd1 Kg8 25. e4 f4 26. Rf3 cxd4 27. cxd4 Bd7 28. Qb3 b5 29. Rf1 a5 30. Rhf3 a4 31. Qb2 Rbf8 32. Rc1 g5 33. Rff1 g4 34. d5 Qg5 35. Qd4 g3 36. Rf3 Qh6 37. hxg3 Rg7 38. Rcf1 Rxg3 39. Rxg3+ fxg3 40. Rxf8+ Kxf8 41. Qc5+ Kg8 42. Kf1 Qh1+ 43. Qg1 Qh5 44. Ke1 Qxe5 45. Qc5 exd5 46. Qxd5+ Qxd5 47. exd5 b4 48. Kd2 a3 49. Kc2 Ba4+ 50. Kc1 h5 51. Be2 h4 52. Bg4 Kf8 0-1